000 00240nam a2200097Ia 4500
008 230508s1994 xx 000 0 und d
041 _aeng
100 _aLEVENTHAL L.A.
245 _a8080A/8085 ASSEMBLY LANGUAGE PROGRAMMING.
260 _c1994
999 _c728975
_d728975